banner-ar

احصاء الافعال العربية فى المعجم الحاسوبى / (Record no. 47947)

MARC details
000 -الفاتح
حقل البيانات ثابتة الطول 00837nam a2200253Ia 4500
008 - عناصر البيانات ثابتة الطول - معلومات عامة
حقل البيانات ثابتة الطول 140319s9999 xx 000 0 ara d
040 ## - مصدر الفهرسة
وكالة الفهرسة الأصلية GCL /
وكالة النسخ GCL
082 04 - رقم تصنيف ديوى العشرى
رقم التصنيف 415.503
رقم المادة م ا
100 1# - المدخل الرئيسى - إسم شخصى
الإسم الشخصى محمد مراياتى
245 10 - بيان العنوان
العنوان احصاء الافعال العربية فى المعجم الحاسوبى /
بيان المسئوليه,etc محمد مراياتى
700 1# - المدخل الاضافى - اسم شخصى
الإسم الشخصى محمد حسان الطيان
700 1# - المدخل الاضافى - اسم شخصى
الإسم الشخصى مروان البواب
700 1# - المدخل الاضافى - اسم شخصى
الإسم الشخصى يحيى مير علم
300 ## - الوصف المادى
التعداد 577 ص
490 ## - بيان السلسلة
عنوان السلسلة المعجم الحاسوبى
رقم المجلد/ التعيين التسلسلي 0
650 04 - المدخل الاضافى بالموضوع-مصطلح موضوعى
مصطلح موضوعي اللغة العربية
650 04 - المدخل الاضافى بالموضوع-مصطلح موضوعى
مصطلح موضوعي الصرف
650 04 - المدخل الاضافى بالموضوع-مصطلح موضوعى
مصطلح موضوعي المعاجم
650 04 - المدخل الاضافى بالموضوع-مصطلح موضوعى
مصطلح موضوعي اللغة العربية - المعاجم
650 04 - المدخل الاضافى بالموضوع-مصطلح موضوعى
مصطلح موضوعي اللغة العربية - مصر
650 04 - المدخل الاضافى بالموضوع-مصطلح موضوعى
مصطلح موضوعي اللغة العربية-الصرف - مصر
942 ## - عناصر المدخل الإضافي( كوها)
مصدر التصنيف او مخطط الترفيف Dewey Decimal Classification
Koha [default] item type كتاب
Holdings
حالة التراجع حالة الفقد حالة تلف ليس للاعارة المكان المؤقت الموقع الحالى تاريخ الاكتساب اجمالي اﻻعارات رقم الطلب الباركود تاريخ اخر مشاهدة تاريخ تفعيل السعر نوع وعاء كوها
        مكتبة القاهرة الكبرى مكتبة القاهرة الكبرى 03/26/2014   415.503\م ا 115654 03/26/2014 03/26/2014 كتاب

Powered By

EGPV